[Event "GER-ch Net qual4 U18"]
[Site "Playchess.com INT"]
[Date "2011.05.11"]
[Round "7"]
[White "Bochert, Finn"]
[Black "Zuferi, Enis"]
[Result "0-1"]
[WhiteElo "1780"]
[BlackElo "1698"]
[PlyCount "72"]
[EventDate "2011.05.11"]
[EventType "swiss (blitz)"]
[EventRounds "7"]
[EventCountry "GER"]
[SourceTitle "CBM 142 Extra"]
[Source "ChessBase"]
[SourceDate "2011.06.27"]
[SourceVersion "1"]
[SourceVersionDate "2011.06.27"]
[SourceQuality "1"]

1. e3 c5 2. Ne2 d5 3. d4 cxd4 4. exd4 Nf6 5. Ng3 Nc6 6. c3 Bg4 7. Be2 Bxe2 8. Qxe2 e6 9. 0-0 Be7 10. Nd2 0-0 11. Nf3 Rb8 12. Bf4 Bd6 13. Bg5 h6 14. Bd2 b5 15. Ne5 Qc7 16. Nxc6 Qxc6 17. a3 a5 18. Qf3 b4 19. Bxh6 bxc3 20. bxc3 Rb3 21. Bd2 a4 22. Rfb1 Rfb8 23. Qd1 Bxa3 24. Rxb3 Rxb3 25. Rb1 Bb2 26. Qc2 Qb7 27. Ne2 a3 28. Nc1 Rb6 29. Na2 Ne4 30. f3 Nxd2 31. Qxd2 Qc7 32. Qc2 Qc4 33. Nb4 Rxb4 34. Qd2 Bxc3 35. Qc1 Rxb1 36. Qxb1 a2 0-1

[Event "GER-ch Net qual4 U18"]
[Site "Playchess.com INT"]
[Date "2011.05.11"]
[Round "2"]
[White "Miller, Eduard"]
[Black "Bochert, Finn"]
[Result "1-0"]
[WhiteElo "2063"]
[BlackElo "1780"]
[PlyCount "95"]
[EventDate "2011.05.11"]
[EventType "swiss (blitz)"]
[EventRounds "7"]
[EventCountry "GER"]
[SourceTitle "CBM 142 Extra"]
[Source "ChessBase"]
[SourceDate "2011.06.27"]
[SourceVersion "1"]
[SourceVersionDate "2011.06.27"]
[SourceQuality "1"]

1. d4 e6 2. c4 Nf6 3. Nc3 d5 4. Nf3 Be7 5. Bf4 c5 6. e3 Nc6 7. dxc5 Bxc5 8. a3 a5 9. cxd5 Nxd5 10. Nxd5 Qxd5 11. Qxd5 exd5 12. Bb5 0-0 13. 0-0-0 Be6 14. Kb1 Rfd8 15. Rc1 Bd6 16. Bxc6 bxc6 17. Nd4 Bxf4 18. exf4 Bd7 19. Nxc6 Bxc6 20. Rxc6 Kf8 21. Rd1 Ke7 22. Rc5 d4 23. Re5+ Kf6 24. Re4 d3 25. Re3 Kf5 26. Rexd3 Rxd3 27. Rxd3 Kxf4 28. Rf3+ Kg5 29. Rxf7 Kg6 30. Re7 Rd8 31. Kc2 Rf8 32. f3 Kf6 33. Rc7 Re8 34. Kd2 Rd8+ 35. Ke3 Re8+ 36. Kf2 Rb8 37. Rc2 Rd8 38. Re2 h6 39. h4 Rc8 40. g4 Rd8 41. Kg3 g6 42. Rc2 Rd6 43. Rc5 Rb6 44. Rxa5 Rxb2 45. Ra6+ Kf7 46. a4 Kg7 47. a5 g5 48. h5 1-0